LIBRARY ONLINE CATALOGUE

Hello! Good-bye / (Record no. 14556)

MARC details
000 -LEADER
fixed length control field 00502nam a22001932 4500
001 - CONTROL NUMBER
control field 0000009794
005 - DATE AND TIME OF LATEST TRANSACTION
control field 20151217160122.0
008 - FIXED-LENGTH DATA ELEMENTS--GENERAL INFORMATION
fixed length control field 081130s xx 000 0 eng d
020 ## - INTERNATIONAL STANDARD BOOK NUMBER
International Standard Book Number 0688143342 :
040 ## - CATALOGING SOURCE
Original cataloging agency KABU
Transcribing agency KABU
100 1# - MAIN ENTRY--PERSONAL NAME
Personal name Aliki.
-- 0000161573
245 10 - TITLE STATEMENT
Title Hello! Good-bye /
Statement of responsibility, etc. Aliki.
250 ## - EDITION STATEMENT
Edition statement 1st ed.
260 ## - PUBLICATION, DISTRIBUTION, ETC. (IMPRINT)
Place of publication, distribution, etc. New York :
Name of publisher, distributor, etc. Greenwillow,
Date of publication, distribution, etc. 1996.
300 ## - PHYSICAL DESCRIPTION
Extent [30] p.
852 1# - LOCATION
-- p200 KES
908 ## - PUT COMMAND PARAMETER (RLIN)
Put command parameter 081130
950 ## - LOCAL HOLDINGS (RLIN)
-- 1
Holdings
Withdrawn status Lost status Source of classification or shelving scheme Not for loan Home library Current library Date acquired Total Checkouts Full call number Barcode Date last seen Date last checked out Price effective from Koha item type
    Library of Congress Classification   Kabarak, Main Campus Kabarak, Main Campus 17/12/2015 1 GT3050 .A45 c. 1 15669 31/10/2017 30/10/2017 17/12/2015 Children Collection